• 首页
  • 本馆介绍
  • 公告通知
  • 最新文献
  • 馆藏检索
  • 电子资源
  • 读者导购
  • 参考咨询
  • 我的图书馆
  • 登录
  • 详细信息显示
  • 放入我的书架
  • 预约/预借图书
  • 作者相关作品
  • 分类相关作品
  • 丛书相关作品
  • 出版社相关作品

书目信息

  • 表格格式
  • 工作单格式
  • 卡片格式
题名:
和香草说说话
    
 
作者: 尼克 著
分册:  
出版信息: 郑州   河南科学技术出版社  2015
页数: 207页
开本: 23cm
丛书名:
单 册:
中图分类: S573
科图分类:
主题词: 香料植物--栽培技术--手册
电子资源:
ISBN: 978-7-5349-7159-4
000 01008nam0 2200253 450
001 012015000041
005 20151130094114.23
010    @a978-7-5349-7159-4@dCNY39.80
100    @a20150310d2015 em y0chiy50 ea
101 0  @achi
102    @aCN@b410000
105    @aa z 000yy
106    @ar
200 1  @a和香草说说话@Ahe xiang cao shuo shuo hua@e44种最家常香草自种自用手册@f尼克著
210    @a郑州@c河南科学技术出版社@d2015
215    @a207页@c彩照@d23cm
305    @a由台湾城邦文化事业股份有限公司麦浩斯出版事业部授权出版
330    @a本书包含适合居家栽种的44种香草,介绍了各种香草的栽种方式,并示范每种植物的生活应用。此外,跟着尼克的脚步,更可以欣赏国外的香草花园,一一解说香草如何运用在景观之中,传授如何自制简易又实用的香草小花园。
517 1  @a44种最家常香草自种自用手册@A44 zhong zui jia chang xiang cao zi zhong zi yong shou ce
606 0  @a香料植物@x栽培技术@j手册
690    @aS573@v5
701  0 @a尼克@Ani ke@4著
801  0 @aCN@b碧洲教育@c20151127
905    @a10447@f4@dS573@e65
    
    和香草说说话:44种最家常香草自种自用手册/尼克著.-郑州:河南科学技术出版社,2015
    207页:彩照;23cm
    
    
    ISBN 978-7-5349-7159-4:CNY39.80
    本书包含适合居家栽种的44种香草,介绍了各种香草的栽种方式,并示范每种植物的生活应用。此外,跟着尼克的脚步,更可以欣赏国外的香草花园,一一解说香草如何运用在景观之中,传授如何自制简易又实用的香草小花园。
●
相关链接 在E读中查询图书 在五车中查询图书 在当当中查询图书 在豆瓣中查询图书


正题名:和香草说说话     索取号:S573/65         预约/预借

序号 登录号 条形码 馆藏地/架位号 状态 备注
1 0871583   208715835   第二样本阅览室/ [索取号:S573/65] 在馆    
2 0871584   208715844   第三借阅区/ [索取号:S573/65] 在馆    
3 0871585   208715853   第三借阅区/ [索取号:S573/65] 在馆    
4 0871586   208715862   第三借阅区/ [索取号:S573/65] 在馆    
唐山师范学院图书馆 欢迎您!
大连网信软件有限公司© 版权所有